Catálogo
 En Linea

Rorschach y tat : (Registro nro. 47472)

Detalles MARC
000 -CABECERA
campo de control de longitud fija 00735nam a2200193 a 4500
001 - NÚMERO DE CONTROL
campo de control 000047984
005 - FECHA Y HORA DE LA ÚLTIMA TRANSACCIÓN
campo de control 20201002060838.0
008 - DATOS DE LONGITUD FIJA--INFORMACIÓN GENERAL
campo de control de longitud fija 181009d1984 dr 000 0 spa d
040 ## - FUENTE DE LA CATALOGACIÓN
Centro catalogador/agencia de origen DO-SdBNP
Lengua de catalogación spa
Centro/agencia transcriptor BNPHU
082 ## - NÚMERO DE LA CLASIFICACIÓN DECIMAL DEWEY
Número de clasificación xx
Número de documento/Ítem xx
245 00 - MENCIÓN DE TÍTULO
Título Rorschach y tat :
Resto del título supuestos, descripción y críticas /
Mención de responsabilidad, etc. compilador Enerio Rodríguez Arias.
246 14 - FORMA VARIANTE DE TÍTULO
Título propio/Titulo breve Las fallas de los tests proyectivos
260 ## - PUBLICACIÓN, DISTRIBUCIÓN, ETC.
Lugar de publicación, distribución, etc. Santo Domingo :
Nombre del editor, distribuidor, etc. Círculo Editorial,
Fecha de publicación, distribución, etc. 1984.
300 ## - DESCRIPCIÓN FÍSICA
Extensión 203 p. : ;
Dimensiones 21 cm.
500 ## - NOTA GENERAL
Nota general Incluye referencias bibliográficas y notas al pie de las páginas
534 ## - NOTA SOBRE LA VERSIÓN ORIGINAL
Encabezamiento principal del original Anderson & Anderson. Técnicas proyectivas del diagnóstico psicológico.
590 ## - NOTA LOCAL (RLIN)
Nota local Inventariado, 2018/VM
700 1# - PUNTO DE ACCESO ADICIONAL--NOMBRE DE PERSONA
Nombre de persona Rodríguez Arias, Enerio
9 (RLIN) 25867
Existencias
Estado de retiro Estado de pérdida No para préstamo Código de colección Localización permanente Ubicación/localización actual Ubicación en estantería Fecha de adquisición Número de inventario Total de préstamos Signatura topográfica completa Código de barras Fecha visto por última vez Precio válido a partir de Tipo de ítem Koha
    Excluido de préstamo Patrimonio Dominicano Patrimonio Dominicano Patrimonio Dominicano Depósito 09.10.2018 LF1   xx xx 47984-10 25.06.2020 25.06.2020 Libro y Folleto Colección Patrimonio Dominicano

Con tecnología Koha